|
|
|
|
| LEADER |
00000nam0a2200000 4500 |
| 001 |
284878 |
| 005 |
20231101235735.0 |
| 020 |
|
|
|a RU
|b 85-21105
|
| 035 |
|
|
|a (RuTPU)RU\TPU\book\309072
|
| 090 |
|
|
|a 284878
|
| 100 |
|
|
|a 20150218d1985 m y0rusy5003 ca
|
| 101 |
0 |
|
|a rus
|
| 102 |
|
|
|a RU
|
| 105 |
|
|
|a y j 000zy
|
| 200 |
1 |
|
|a Анализ хозяйственной деятельности предприятий цветной металлургии
|e учебное пособие для вузов
|f В. С. Сиволобчик
|
| 205 |
|
|
|a 2-е изд., перераб. и доп.
|
| 210 |
|
|
|a Москва
|c Металлургия
|d 1985
|
| 215 |
|
|
|a 169 с.
|
| 606 |
1 |
|
|a Цветная металлургия
|x Предприятия
|x Анализ хозяйственной деятельности
|2 stltpush
|3 (RuTPU)RU\TPU\subj\17803
|9 43368
|
| 610 |
1 |
|
|a металлургические предприятия
|
| 610 |
1 |
|
|a хозяйственная деятельность
|
| 610 |
1 |
|
|a производственная программа
|
| 610 |
1 |
|
|a выполнение
|
| 610 |
1 |
|
|a планы
|
| 610 |
1 |
|
|a труд
|
| 610 |
1 |
|
|a заработная плата
|
| 610 |
1 |
|
|a техническое состояние
|
| 610 |
1 |
|
|a основные фонды
|
| 610 |
1 |
|
|a продукция
|
| 610 |
1 |
|
|a себестоимость
|
| 610 |
1 |
|
|a прибыль
|
| 610 |
1 |
|
|a рентабельность
|
| 610 |
1 |
|
|a финансовое состояние
|
| 610 |
1 |
|
|a учебные пособия
|
| 675 |
|
|
|a 669.2:658(075.32)
|z rus
|v 3
|
| 700 |
|
1 |
|a Сиволобчик
|b В. С.
|g Владимир Семенович
|4 070
|
| 801 |
|
0 |
|a RU
|b RuMRKP
|c 19950704
|g psbo
|
| 801 |
|
1 |
|a RU
|b 63413507
|c 20150218
|
| 801 |
|
2 |
|a RU
|b 63413507
|c 20170602
|g RCR
|
| 942 |
|
|
|c BK
|